000 00222 a2200097 4500
001 29870
100 _aTheraja
245 _aAdvanced problems in electrical technology
260 _a
_bChand & Co
_c
090 _c19869
_d19869
942 _aNUST-CAE
_cM
_c10967
999 _c264943
_d264943